[Event "Subotica-ch"]
[Site "Subotica"]
[Date "2014.02.19"]
[Round "1"]
[White "Solymosi, Andras"]
[Black "Vecseri, Julius"]
[Result "1-0"]
[WhiteElo "1788"]
[BlackElo "2020"]
[PlyCount "69"]
[EventDate "2014.02.19"]
[EventType "swiss"]
[EventRounds "9"]
[EventCountry "SRB"]
[SourceTitle "CBM 159 Extra"]
[Source "ChessBase"]
[SourceDate "2014.04.24"]
[SourceVersion "1"]
[SourceVersionDate "2014.04.24"]
[SourceQuality "1"]

1. Nf3 d5 2. d4 Nf6 3. g3 e6 4. Bg2 Be7 5. 0-0 0-0 6. Nbd2 b6 7. c4 c5 8. b3 Bb7 9. Bb2 Nbd7 10. Rc1 Rc8 11. e3 Re8 12. Ne5 Ne4 13. Nxe4 dxe4 14. Nxd7 Qxd7 15. dxc5 Qxd1 16. Rfxd1 Bxc5 17. Rd7 Re7 18. Rcd1 Kf8 19. Bxg7+ Ke8 20. Rxe7+ Kxe7 21. Bd4 Ke8 22. Bxc5 bxc5 23. Kf1 a5 24. Ke2 Bc6 25. f3 f5 26. fxe4 fxe4 27. Rf1 a4 28. Rf4 axb3 29. axb3 Rb8 30. Bxe4 Bxe4 31. Rxe4 Rxb3 32. Rxe6+ Kd7 33. Rh6 Rc3 34. Rxh7+ Kd6 35. Rh5 1-0

[Event "Subotica Autumn op"]
[Site "Subotica"]
[Date "2012.12.17"]
[Round "4"]
[White "Jelovac, Ivko"]
[Black "Vecseri, Julius"]
[Result "1-0"]
[WhiteElo "1893"]
[BlackElo "2039"]
[PlyCount "59"]
[EventDate "2012.12.14"]
[EventType "swiss"]
[EventRounds "9"]
[EventCountry "SRB"]
[SourceTitle "EXT 2014"]
[Source "ChessBase"]
[SourceDate "2013.11.20"]
[SourceVersion "1"]
[SourceVersionDate "2013.11.20"]
[SourceQuality "1"]

1. e4 c5 2. Nf3 d6 3. d4 cxd4 4. Nxd4 Nc6 5. Nc3 a6 6. Bc4 e6 7. Bb3 Qc7 8. Be3 Nf6 9. f3 Be7 10. Qd2 Bd7 11. g4 Ne5 12. 0-0-0 Nc4 13. Bxc4 Qxc4 14. Kb1 b5 15. h4 b4 16. Nce2 Bb5 17. b3 Qc7 18. h5 Bxe2 19. Qxe2 Nd7 20. g5 Nc5 21. g6 fxg6 22. hxg6 h6 23. Qg2 Kd7 24. e5 Rad8 25. Qg4 Qb7 26. Ne2 d5 27. Nf4 Kc8 28. Bxc5 Bxc5 29. Nxe6 Be7 30. Nc5+ 1-0

[Event "Subotica-ch"]
[Site "Subotica"]
[Date "2012.05.21"]
[Round "7"]
[White "Fatyol, Istvan"]
[Black "Vecseri, Julius"]
[Result "1/2-1/2"]
[WhiteElo "1913"]
[BlackElo "2074"]
[PlyCount "124"]
[EventDate "2012.05.07"]
[EventType "swiss"]
[EventRounds "9"]
[EventCountry "SRB"]
[SourceTitle "CBM 148 Extra"]
[Source "ChessBase"]
[SourceDate "2012.06.22"]
[SourceVersion "1"]
[SourceVersionDate "2012.06.22"]
[SourceQuality "1"]

1. e4 c5 2. Nf3 d6 3. d4 cxd4 4. Nxd4 a6 5. Bd3 e6 6. Nc3 Nf6 7. Bg5 Be7 8. Qd2 h6 9. Bh4 0-0 10. 0-0-0 Qc7 11. Bg3 b5 12. Kb1 Bb7 13. f3 Nc6 14. Nxc6 Qxc6 15. e5 dxe5 16. Bxe5 Rfd8 17. Qf4 b4 18. Ne4 Nd5 19. Qg3 f6 20. Bd4 e5 21. Bxe5 fxe5 22. Qxe5 Bf6 23. Qf5 Ne3 24. Nxf6+ Qxf6 25. Qh7+ Kf7 26. Rhe1 Rh8 27. Bc4+ Bd5 28. Bxd5+ Nxd5 29. Qe4 Nb6 30. Qxb4 Rhd8 31. a3 Kg8 32. Qb3+ Kh8 33. Rxd8+ Qxd8 34. Re6 Rb8 35. Qd3 Qc7 36. Qd4 Kg8 37. g3 Nc4 38. Qd5 Nxa3+ 39. Ka2 Qc4+ 40. Qxc4 Nxc4 41. b3 Nb6 42. c4 Kf7 43. Rc6 a5 44. Ka3 Nd7 45. Rc7 Ke6 46. Ra7 Nc5 47. Rxa5 Nxb3 48. Ra7 g6 49. f4 Nc5 50. g4 Rb3+ 51. Ka2 Rc3 52. Rc7 Rxc4 53. Rc6+ Kf7 54. Rc7+ Ke8 55. Rc6 g5 56. fxg5 hxg5 57. h3 Ra4+ 58. Kb2 Nd3+ 59. Kb3 Re4 60. Rh6 Nf2 61. h4 Rxg4 62. hxg5 Rxg5 1/2-1/2

[Event "Subotica Autumn op"]
[Site "Subotica"]
[Date "2011.12.04"]
[Round "2"]
[White "Vecseri, Julius"]
[Black "Guzsvany, Arpad"]
[Result "0-1"]
[WhiteElo "2079"]
[BlackElo "2181"]
[PlyCount "86"]
[EventDate "2011.12.03"]
[EventType "swiss"]
[EventRounds "9"]
[EventCountry "SRB"]
[SourceTitle "CBM 145 Extra"]
[Source "ChessBase"]
[SourceDate "2012.01.03"]
[SourceVersion "1"]
[SourceVersionDate "2012.01.03"]
[SourceQuality "1"]

1. d4 d5 2. Nf3 Nf6 3. g3 Bf5 4. Bg2 e6 5. 0-0 Nbd7 6. c4 c6 7. b3 Bd6 8. Bb2 0-0 9. Nbd2 h6 10. h3 Qe7 11. Ne5 Ba3 12. Qc1 Bxb2 13. Qxb2 Nxe5 14. dxe5 Nd7 15. b4 Nb6 16. Rac1 dxc4 17. Nxc4 Nxc4 18. Rxc4 a6 19. Rd1 Qc7 20. Rd6 Qb6 21. a4 Rfd8 22. a5 Qb5 23. Rc5 Qa4 24. Qd4 Rdb8 25. Rc1 Qb3 26. Rd7 Qa2 27. Re1 Qa4 28. Rd1 Qc2 29. Kf1 Qa4 30. Qd6 Bc2 31. Re1 Bg6 32. Kg1 Kh8 33. Kh2 Kg8 34. Bf3 Qb5 35. Rc1 Qa4 36. g4 Qb5 37. h4 c5 38. Rxc5 Qa4 39. h5 Bh7 40. Rcc7 Rf8 41. Bxb7 Rae8 42. Bc6 Qa2 43. Bf3 Qb2 0-1

[Event "Subotica-ch"]
[Site "Subotica"]
[Date "2010.02.17"]
[Round "1"]
[White "Vecseri, Julius"]
[Black "Nadj Hedjesi, Balind"]
[Result "0-1"]
[WhiteElo "2018"]
[BlackElo "2415"]
[PlyCount "76"]
[EventDate "2010.02.17"]
[EventType "swiss"]
[EventRounds "9"]
[EventCountry "SRB"]
[SourceTitle "EXT 2019"]
[Source "ChessBase"]
[SourceDate "2018.10.10"]
[SourceVersion "1"]
[SourceVersionDate "2018.10.10"]
[SourceQuality "1"]

1. d4 d6 2. e4 Nf6 3. Nc3 Nbd7 4. Be3 e5 5. f4 Be7 6. Be2 0-0 7. Qd2 exd4 8. Bxd4 c5 9. Be3 a6 10. Bf3 Rb8 11. Nge2 b5 12. 0-0 b4 13. Nd5 Nxd5 14. exd5 Bf6 15. Rab1 Re8 16. Bf2 a5 17. Rfd1 Ba6 18. Ng3 Nb6 19. Qc1 g6 20. Ne4 Bg7 21. g4 Bc4 22. Ng3 Bxa2 23. Ra1 Bc4 24. c3 Bb3 25. Rd2 Nc4 26. Re2 a4 27. Rxe8+ Qxe8 28. Ne2 Nb6 29. cxb4 Bxd5 30. Bxd5 Qxe2 31. Bg2 Bxb2 32. Qd1 Qxd1+ 33. Rxd1 a3 34. bxc5 dxc5 35. f5 a2 36. Bg3 Rf8 37. Bd6 Rd8 38. fxg6 hxg6 0-1

[Event "Senta op-B 12th"]
[Site "Senta"]
[Date "2008.07.23"]
[Round "7"]
[White "Vecseri, Julius"]
[Black "Osvath, Zoltan"]
[Result "1-0"]
[WhiteElo "2049"]
[BlackElo "1945"]
[PlyCount "59"]
[EventDate "2008.07.18"]
[EventType "swiss"]
[EventRounds "9"]
[EventCountry "YUG"]
[SourceTitle "CBM 125 Extra"]
[Source "ChessBase"]
[SourceDate "2008.09.01"]
[SourceVersion "1"]
[SourceVersionDate "2008.09.01"]
[SourceQuality "1"]

1. d4 d5 2. c4 Nf6 3. Nf3 e6 4. e3 Be7 5. Nc3 0-0 6. Bd3 Nbd7 7. 0-0 c6 8. b3 Bd6 9. Bb2 Re8 10. Qc2 h6 11. Rad1 Qc7 12. e4 dxe4 13. Bxe4 Rb8 14. Rfe1 b6 15. Re2 Bb7 16. Rde1 Rbc8 17. Bd3 Qb8 18. Ne5 a6 19. h3 Nf8 20. Nd1 Bb4 21. Rf1 Red8 22. a3 Bd6 23. c5 bxc5 24. dxc5 Be7 25. b4 Nd5 26. g3 Nd7 27. Bh7+ Kf8 28. Nxf7 Re8 29. Bxg7+ Kxg7 30. Qg6+ 1-0

[Event "Subotica-ch op "]
[Site "Subotica"]
[Date "2007.02.23"]
[Round "3"]
[White "Marjanusic, Vladimir"]
[Black "Vecseri, Julius"]
[Result "1-0"]
[WhiteElo "2265"]
[BlackElo "2050"]
[PlyCount "69"]
[EventDate "2007.02.19"]
[EventType "swiss"]
[EventRounds "9"]
[EventCountry "YUG"]
[SourceTitle "EXT 2008"]
[Source "ChessBase"]
[SourceDate "2007.11.25"]
[SourceVersion "1"]
[SourceVersionDate "2007.11.25"]
[SourceQuality "1"]

1. e4 c5 2. Nf3 a6 3. c4 d6 4. d4 cxd4 5. Nxd4 Nf6 6. Nc3 e6 7. Be2 Be7 8. 0-0 0-0 9. Be3 Bd7 10. f4 Nc6 11. Rc1 Rc8 12. Qd2 Nxd4 13. Bxd4 Bc6 14. Qe3 Nd7 15. Rfd1 e5 16. fxe5 Bg5 17. Qg3 Bxc1 18. Rxc1 dxe5 19. Be3 Kh8 20. Rf1 Qe8 21. Qh4 Qd8 22. Qh3 Qe7 23. a3 Nc5 24. Bg4 Rcd8 25. b4 Ne6 26. b5 axb5 27. cxb5 Bd7 28. Nd5 Qxa3 29. Bf5 h6 30. Rf3 Qa1+ 31. Rf1 Qa3 32. Qg4 Bxb5 33. Bxh6 gxh6 34. Qh4 Kg8 35. Qxh6 1-0

[Event "Subotica-ch op "]
[Site "Subotica"]
[Date "2007.02.21"]
[Round "2"]
[White "Vecseri, Julius"]
[Black "Tancik, Kristijan"]
[Result "0-1"]
[WhiteElo "2050"]
[BlackElo "2147"]
[PlyCount "58"]
[EventDate "2007.02.19"]
[EventType "swiss"]
[EventRounds "9"]
[EventCountry "YUG"]
[SourceTitle "EXT 2008"]
[Source "ChessBase"]
[SourceDate "2007.11.25"]
[SourceVersion "1"]
[SourceVersionDate "2007.11.25"]
[SourceQuality "1"]

1. d4 d5 2. c4 dxc4 3. Qa4+ c6 4. Qxc4 Nf6 5. e3 Bf5 6. f3 e5 7. dxe5 Qa5+ 8. Nc3 Qxe5 9. e4 Be6 10. Qa4 b5 11. Qc2 Na6 12. Be3 Nb4 13. Qf2 Rd8 14. a3 Nd3+ 15. Bxd3 Rxd3 16. Nge2 b4 17. axb4 Bxb4 18. Bd4 Qg5 19. Nc1 Rxd4 20. Qxd4 Qxg2 21. Rf1 Qxb2 22. N1e2 Qxa1+ 23. Kf2 Qa5 24. Kg2 0-0 25. e5 Bxc3 26. Nxc3 Rd8 27. Qe3 Nd5 28. Nxd5 Qxd5 29. Kh1 Qd3 0-1

[Event "Senta op-A 10th"]
[Site "Senta"]
[Date "2006.07.26"]
[Round "7"]
[White "Vecseri, Julius"]
[Black "Brajic, Miloje"]
[Result "0-1"]
[WhiteElo "2061"]
[BlackElo "2312"]
[PlyCount "100"]
[EventDate "2006.07.21"]
[EventType "swiss"]
[EventRounds "9"]
[EventCountry "YUG"]
[SourceTitle "CBM 113 Extra"]
[Source "ChessBase"]
[SourceDate "2006.09.14"]
[SourceVersion "1"]
[SourceVersionDate "2006.09.14"]
[SourceQuality "1"]

1. d4 d5 2. Nf3 Bg4 3. e3 Nd7 4. Be2 Ngf6 5. 0-0 e6 6. Nbd2 c5 7. c4 cxd4 8. exd4 Bd6 9. b3 Rc8 10. Bb2 0-0 11. Ne5 Bxe2 12. Qxe2 Qa5 13. a3 Rfd8 14. Rfe1 Qa6 15. Rac1 Bb8 16. Qf3 dxc4 17. Ndxc4 b5 18. Ne3 Qd6 19. N3g4 h5 20. Nxf6+ Nxf6 21. Rc6 Rxc6 22. Qxc6 Qd5 23. Qxd5 Nxd5 24. Nc6 Rc8 25. Nxb8 Rxb8 26. Rc1 Kf8 27. g3 Ke7 28. Kf1 Rb7 29. Ke2 Kd6 30. Kd3 Rc7 31. Rxc7 Nxc7 32. Ke4 Nd5 33. f4 Nf6+ 34. Kf3 Kd5 35. Ba1 a5 36. h3 Ne4 37. Ke3 Nxg3 38. Bc3 a4 39. bxa4 bxa4 40. Kd3 Ne4 41. Be1 Nd6 42. Kc3 Nb5+ 43. Kb4 Nxa3 44. Kxa3 Kxd4 45. Bb4 Ke4 46. Bf8 Kxf4 47. Bxg7 h4 48. Kxa4 Kg3 49. Kb3 Kxh3 50. Kc3 Kg2 0-1

[Event "Senta op-A 10th"]
[Site "Senta"]
[Date "2006.07.22"]
[Round "3"]
[White "Vecseri, Julius"]
[Black "Pacal, Mihaly"]
[Result "1-0"]
[WhiteElo "2061"]
[BlackElo "2236"]
[PlyCount "77"]
[EventDate "2006.07.21"]
[EventType "swiss"]
[EventRounds "9"]
[EventCountry "YUG"]
[SourceTitle "CBM 113 Extra"]
[Source "ChessBase"]
[SourceDate "2006.09.14"]
[SourceVersion "1"]
[SourceVersionDate "2006.09.14"]
[SourceQuality "1"]

1. d4 c5 2. e3 Nf6 3. Nf3 e6 4. c4 d5 5. cxd5 exd5 6. Bb5+ Nc6 7. 0-0 Bd6 8. dxc5 Bxc5 9. Qc2 Qb6 10. Bxc6+ bxc6 11. Nbd2 0-0 12. Nb3 Bd6 13. Nbd4 c5 14. Nf5 Bxf5 15. Qxf5 Rad8 16. b3 Ne4 17. Bb2 g6 18. Qh3 c4 19. Bd4 Qa5 20. bxc4 dxc4 21. Rfc1 c3 22. Rc2 Bc5 23. Rac1 Ba3 24. Rb1 Bb2 25. Qh6 f6 26. Qf4 Qxa2 27. Rd1 Qe6 28. Ne1 Rd7 29. Nd3 a5 30. Nxb2 cxb2 31. Rxb2 a4 32. Ra1 Ra8 33. Rb8+ Rd8 34. Rxd8+ Rxd8 35. Rxa4 Nc3 36. Qc7 Rc8 37. Ra8 Rxa8 38. Qxc3 Rc8 39. Qd2 1-0